<?xml version="1.0" encoding="UTF-8"?>
<record
    xmlns:xsi="http://www.w3.org/2001/XMLSchema-instance"
    xsi:schemaLocation="http://www.loc.gov/MARC21/slim http://www.loc.gov/standards/marcxml/schema/MARC21slim.xsd"
    xmlns="http://www.loc.gov/MARC21/slim">

  <leader>00915    a2200157   4500</leader>
  <controlfield tag="003">Nust</controlfield>
  <controlfield tag="005">20230120100426.0</controlfield>
  <datafield tag="040" ind1=" " ind2=" ">
    <subfield code="c">Nust</subfield>
  </datafield>
  <datafield tag="082" ind1=" " ind2=" ">
    <subfield code="a">808.83,BLY</subfield>
  </datafield>
  <datafield tag="100" ind1=" " ind2=" ">
    <subfield code="a">Betty Maxey</subfield>
    <subfield code="9">107203</subfield>
  </datafield>
  <datafield tag="245" ind1=" " ind2=" ">
    <subfield code="a">Five on a Secret Trail /</subfield>
    <subfield code="b">Enid Blyton</subfield>
  </datafield>
  <datafield tag="260" ind1=" " ind2=" ">
    <subfield code="a">london</subfield>
    <subfield code="b">Hodder and Stoughton</subfield>
    <subfield code="c">1970</subfield>
  </datafield>
  <datafield tag="300" ind1=" " ind2=" ">
    <subfield code="a">184p;</subfield>
  </datafield>
  <datafield tag="505" ind1=" " ind2=" ">
    <subfield code="a">George is rather difficult (Page-7), Anne joins the little camp (Page-16), The Old Cottage and a Surprise (Page-25), That night (Page-34), That Boy again (Page-42), Storm in the night (Page-51), Queer Happenings (Page-60), All together again (Page-69), A Little Exploration (Page-77), What can be happening (Page-86), Interesting Discoveries (Page-95), A Good hiding place (Page-103), Well done George (Page-130), The Secret way (Page-139), Full of Surprises (Page-148), The way out (Page-158), Back to Kirrin Cottage (Page-168), The Adventure ends (Page-176).</subfield>
  </datafield>
  <datafield tag="942" ind1=" " ind2=" ">
    <subfield code="2">ddc</subfield>
    <subfield code="c">BK</subfield>
  </datafield>
  <datafield tag="999" ind1=" " ind2=" ">
    <subfield code="c">193972</subfield>
    <subfield code="d">193972</subfield>
  </datafield>
  <datafield tag="952" ind1=" " ind2=" ">
    <subfield code="0">0</subfield>
    <subfield code="1">0</subfield>
    <subfield code="2">ddc</subfield>
    <subfield code="4">0</subfield>
    <subfield code="7">0</subfield>
    <subfield code="a">MCS</subfield>
    <subfield code="b">MCS</subfield>
    <subfield code="c">GEN</subfield>
    <subfield code="d">2016-12-12</subfield>
    <subfield code="j">1</subfield>
    <subfield code="l">3</subfield>
    <subfield code="o">808.83,BLY</subfield>
    <subfield code="p">MCS23072</subfield>
    <subfield code="r">2025-12-29</subfield>
    <subfield code="s">2025-11-20</subfield>
    <subfield code="w">2016-12-12</subfield>
    <subfield code="y">BK</subfield>
    <subfield code="z">Almirah No.56, Shelf No.4</subfield>
  </datafield>
</record>
